Využitie pravdepodobnostných modelov so skrytými triedami na organizovanie dokumentov

Salvato in:
Dettagli Bibliografici
Autore principale: Rendek, Ladislav (Autore)
Altri autori: Kosková, Gabriela, 1975- (Relatore della tesi)
Natura: Manoscritto Libro
Lingua:slovacco
Pubblicazione: Bratislava : STU v Bratislave FIIT, 2006
Soggetti:
Tags: Aggiungi Tag
Nessun Tag, puoi essere il primo ad aggiungerne!!

MARC

LEADER 00000ntm a22000003a 4500
001 stu140439
005 20180724104853.2
008 070424s2006----xo------------------slo-d
040 |a STU  |b slo 
041 0 |a slo 
044 |a xo 
100 1 |a Rendek, Ladislav  |4 aut  |u I300  |U FIIT Fakulta informatiky a informačných technológií  |T FIIT Ústav aplikovanej informatiky  |U I300  |Y 180 
245 1 |a Využitie pravdepodobnostných modelov so skrytými triedami na organizovanie dokumentov 
260 |a Bratislava :  |b STU v Bratislave FIIT,  |c 2006 
300 |a 26 s.,  |e príl. CD-ROM 
650 7 |a informatika  |2 stusub 
700 1 |a Kosková, Gabriela,  |d 1975-  |4 ths  |u I200  |U FIIT Fakulta informatiky a informačných technológií  |T FIIT Ústav informatiky a softvérového inžinierstva  |X 1837  |U I200  |Y 179  |7 1837 
996 |c I*BAP75/06  |l II680  |s P  |a 0  |w stu140439_0001